00685nam a2200205Ia 4500008004000000020001800040041000800058082001700066100003100083245003100114260004100145300001700186650001200203650001000215650001400225690002200239906001100261999001900272952018800291210210b2017 xxu||||| |||| 00| 0 eng d a9789386446183 aeng a324.254 CHOL aCHOWDHURI (Satyabrata Rai) aLeftism in India 1917-1947 aLos AngelesbSage Publicationsc2017 axviii,190+14 aLeftism aIndia a1917-1947 aPolitical Process a072612 c122435d122435 001040708Political ScienceaALbALcPolitical Scienced2021-02-17ePrajwal Book Distributors, Bangalore-560061g250.00l0o324.254 CHOLp072612r2021-02-17 00:00:00w2021-02-17yBK